| 000 | 00000nam 2200000za 4500 |
| 001 | 9.576992 |
| 003 | CaOODSP |
| 005 | 20250303104651 |
| 007 | cr ||||||||||| |
| 008 | 150406s1937||||xxcabd||o f000 0 eng d |
| 040 | |aCaOODSP|beng |
| 043 | |an-cn-nk |
| 086 | 1 |aA54-14/8-1937E-PDF |
| 100 | 1 |aMcArthur, I. S. |
| 245 | 13|aAn economic study of potato production in New Brunswick |h[electronic resource] / |cI.S McArthur, Division of Farm Management, Agricultural Economics Branch. |
| 260 | |aOttawa : |bDominion of Canada, Department of Agriculture, |c1937. |
| 300 | |a70 p. : |bill. |
| 490 | 1 |aTechnical bulletin ; |vNo. 8 |
| 500 | |a"Issued May 1937, First printing." |
| 500 | |aIssued also in French under title: Enquête économique sur la production des pommes de terre au Nouveau-Brunswick. |
| 500 | |aHistorical publication digitized by Agriculture and Agri-Food Canada. |
| 590 | |a13-17-Supp|b2013-07-25 |
| 690 | 07|aAgricultural economics|2gcpds |
| 690 | 07|aFarming|2gcpds |
| 690 | 07|aPotatoes|2gcpds |
| 710 | 1 |aCanada. |bDepartment of Agriculture. |
| 775 | 08|tEnquête économique sur la production des pommes de terre au Nouveau-Brunswick |w(CaOODSP)9.605619 |
| 830 | #0|aTechnical bulletin (Canada. Department of Agriculture)|vNo. 8 |w(CaOODSP)9.507477 |
| 856 | 40|ahttp://publications.gc.ca|qPDF|s6.37 MB|uhttps://publications.gc.ca/collections/collection_2013/aac-aafc/agrhist/A54-14-8-1937-eng.pdf|yNo. 8 |
| 986 | |aPublication 562 |